| 000 | 01103nam0a22002651 4500 | ||
|---|---|---|---|
| 001 | v19\rc\1919614 | ||
| 005 | 20250619201332.0 | ||
| 035 | _a(NLR Aleph) 005024654 | ||
| 090 |
_a6626227 _c6626227 |
||
| 100 | _a20080404d1912 |||y0rusy50 ca | ||
| 101 | 0 | _arus | |
| 102 | _aRU | ||
| 105 | _aa z ||||| | ||
| 200 | 1 |
_aКнижка стрелковая и для записи определений по глазомеру и дальномеру _fСост. командиром батальона, Алексеев. воен. уч-ща полк. Воронцовым-Вельяминовым |
|
| 210 |
_aМосква _cтип. Имп. Моск. ун-та _d1912 |
||
| 215 |
_a28 с. _cчерт. _d14 |
||
| 309 | _aБез тит. л. | ||
| 700 | 1 |
_aВоронцов-Вельяминов _bК.В. _f1868- _gКонстантин Васильевич _4220 |
|
| 790 | 1 |
_aВельяминов _bК.В. _f1868- _gКонстантин Васильевич |
|
| 801 | 0 |
_aRU _bNLR _gpsbo |
|
| 801 | 0 |
_aRU _bRuMoRGB _2psbo |
|
| 801 | 1 |
_aRU _bProSoft-M _2rusmarc |
|
| 852 |
_aNLR _j37.44.10.1001 |
||
| 942 | _cBOOK | ||
| 980 | _aNB | ||